000 00728nam a2200265Ia 4500
005 20260302114452.0
008 008 260114s9999 xx 000 0 eng d
020 _a9781350987500
037 _aTextbook
040 _aCRL
040 _beng
040 _cCRL
041 _2eng
041 _aeng
084 _qCRL
100 _aPeg Rawes, Timothy Mathews and Stephen Loo
_91118857
245 0 _aPoetic Biopolitics Practices of Relation in Architecture and the Arts
260 _bBloomsbury
260 _bI.B. Tauris
260 _c2016
650 _aPhilosophy
856 _uhttps://dx.doi.org/10.5040/9781350987500?locatt=label:secondary_bloomsburyCollections
942 _cEBOOK
999 _c1682659
_d1682659